02013cam a2200217 a 4500020001800000020001500018020001800033020001500051040000800066082002600074100001800100245009600118260004500214300002600259500003100285520140200316650000901718650001201727650002201739650003401761 a9780195374636 a0195374630 a9780195373387 a0195373383 cUKM a338 OXF 2008 A013 Or.1 aCollier, Paul14aThe bottom billion :bwhy the poorest countries are failing and what can be done about it / aOxford :bOxford University Press,c2008 axiii, 209 p. ;c20 cm aOriginally published: 2007 a"In this elegant and impassioned synthesis from one of the world's leading experts on Africa and poverty, economist Paul Collier writes persuasively that although nearly five billion of the world's people are beginning to climb from desperate poverty and to benefit from globalization's reach to developing countries, there is a "bottom billion" of the world's poor whose countries, largely immune to the forces of global economy, are falling farther behind and are in danger of falling apart, separating permanently and tragically from the rest of the world. Collier identifies and explains the four traps that prevent the homelands of the world's billion poorest people from growing and receiving the benefits of globalization - civil war, the discovery and export of natural resources in otherwise unstable economies, being landlocked and therefore unable to participate in the global economy without great cost, and finally, ineffective governance. As he demonstrates that these billion people are quite likely in danger of being irretrievably left behind, Collier argues that we cannot take a "headless heart" approach to these seemingly intractable problems; rather, that we must harness our despair and our moral outrage at these inequities to a reasoned and thorough understanding of the complex and interconnected problems that the world's poorest people face." -- Publisher's description 0aPoor 0aPoverty 0aPolitical culture 0aEconomic development projects